000 00742nam a2200253 i 4500
003 DO-SdBNP
005 20260304091533.0
007 ta
008 260304b2004 pr ||||| |||| 00| 0 spa d
020 _a9993469068
040 _aDO-SdBNP
_bspa
_cBNPHU
_erda
041 _aspa
082 4 _axxx
_bxxx
_222
100 _aDi Pietro, Giovanni,
_eautor
_4aut.
_985252
245 1 0 _aCánticos del amor y del tiempo /
_cGiovanni Di Pietro
264 4 _aSan Juan, Puerto Rico :
_bEditora Imago Mundi,
_c©2004.
300 _a69 páginas ;
_c19 cm.
336 _atexto
_btxt
_2rdacontent
337 _asin mediación
_bn
_2rdamedia
338 _avolumen
_bnc
_2rdacarrier
590 _aInventariado, 2026/BT
910 _aBtavárez
942 _2ddc
_cLBS1
999 _c60422
_d60422